| 000 | 00946nas a2200325 4500 | ||
|---|---|---|---|
| 001 | BR2017001717 | ||
| 003 | BR-BrBNA | ||
| 005 | 20231205131005.0 | ||
| 007 | ta | ||
| 008 | 230509b bl.|||p| |||| 00| 00por d | ||
| 040 |
_aBR-BrBNA _bpor _cBiblioteca Nacional de Agricultura |
||
| 041 | _a(En) | ||
| 072 | _aF50 | ||
| 100 | 1 | _aBegovic, L. | |
| 100 | 1 | _aLepedus, H. | |
| 100 | 1 | _aLalic, A. | |
| 100 | 1 | _aStolfa, I. | |
| 100 | 1 | _aJurkovic, Z. | |
| 100 | 1 | _aKovacevic, J. | |
| 100 | 1 | _aCesar, V. | |
| 245 | 1 | _aInvolvement of peroxidases in structural changes of barley stem | |
| 650 | _aCEVADA | ||
| 650 | _aANATOMIA VEGETAL | ||
| 650 | _aCAULE | ||
| 650 | _aLIGNINA | ||
| 773 | 0 |
_tBragantia (Brazil) _xISSN 1678-4499 _g(Jul-Sep 2017), v. 76(3) p. 352-359 _wBR2017001717 |
|
| 856 | 4 | 0 | _uhttp://www.scielo.br/pdf/brag/v76n3/0006-8705-brag-1678-4499155.pdf |
| 909 |
_a202311 _bLúcia _c55 _dLúcia Elande |
||
| 942 |
_2AGRIS _n0 _cANA |
||
| 999 |
_c252460 _d252460 |
||